书目信息 |
| 题名: |
汽车驾驶员手册
|
|
| 作者: | 汪祖年 编 | |
| 分册: | ||
| 出版信息: | 北京 人民交通出版社 1982.9 |
|
| 页数: | 660页 | |
| 开本: | 20cm | |
| 丛书名: | ||
| 单 册: | ||
| 中图分类: | U471.3 | |
| 科图分类: | ||
| 主题词: | 公路运输 | |
| 电子资源: | ||
| ISBN: | ||
| 000 | 00557nam0 2200205 45 | |
| 001 | 0312221749 | |
| 005 | 20040513164235.0 | |
| 010 | @dCNY2.15 | |
| 091 | @a15044.4636 | |
| 100 | @a20031222d1982 km y0chiy0120 ea | |
| 101 | @achi | |
| 105 | @a z 000yy | |
| 200 | 1 | @a汽车驾驶员手册@AQi Che Jia Shi Yuan Shou Ce@f汪祖年等编@FWang Zu Nian Deng Bian |
| 210 | @a北京@c人民交通出版社@d1982.9 | |
| 215 | @a660页@d20cm | |
| 606 | 0 | @a公路运输 |
| 690 | @aU471.3@v3 | |
| 701 | 0 | @a汪祖年@4编 |
| 801 | @aCN@bTSTCL@c20031222 | |
| 905 | @dU471.3@e38@f2@b177856-857 | |
| 汽车驾驶员手册/汪祖年等编.-北京:人民交通出版社,1982.9 |
| 660页;20cm |
| ISBN :CNY2.15 |
| ● |
| 相关链接 |
|
|
|
|
正题名:汽车驾驶员手册
索取号:U471.3/38
 
预约/预借
| 序号 | 登录号 | 条形码 | 馆藏地/架位号 | 状态 | 备注 |
| 1 | 0158452 | 001487411 | 第二样本阅览室/ [索取号:U471.3/38] | 在馆 | |
| 2 | 0177856 | 001487439 | 第三借阅区/ [索取号:U471.3/38] | 在馆 | |
| 3 | 0177857 | 001487420 | 第三借阅区/ [索取号:U471.3/38] | 在馆 |